| 000 | 00527nam a2200169 a 4500 | ||
|---|---|---|---|
| 001 | 000048951 | ||
| 005 | 20201002061533.0 | ||
| 008 | 190507s2016 dr r 000 0 spa d | ||
| 020 | _a9789945900316 | ||
| 040 |
_aDO-SdBNP _bspa _cBNPHU |
||
| 082 |
_a346.0482 _bR426L, 2016 |
||
| 110 | 1 | 0 |
_aRepĂșblica Dominicana _9447 |
| 240 | 1 | 0 | _a[Ley, etc.] |
| 245 | 1 | 0 | _aLey sobre la seguridad de la biotecnologĂa 219-15. |
| 260 |
_aSanto Domingo : _bMinisterio de Medio Ambiente y Recursoso Naturales, _c2016. |
||
| 300 |
_a38 p. ; _c22 cm. |
||
| 999 |
_c48439 _d48439 |
||